Avatar- All Named Firebenders - Statistics

General Stats
  • This quiz has been taken 326 times
  • The average score is 15 of 40
Answer Stats
Name % Correct
Fire Lord Zuko
99%
Phoenix King Ozai
99%
Princess Azula
98%
Gen. Iroh
95%
Iroh (Father of Lu Ten)
95%
Avatar Roku
86%
Avatar Aang
81%
Fire Lord Sozin
80%
Fire Lord Azulon
79%
Adm. Zhao
73%
Jeong Jeong
70%
Avatar Kyoshi
69%
Mako
68%
Avatar Korra
65%
Avatar Kuruk
58%
Avatar Yangchen
57%
Avatar Wan
50%
Combustion Man
39%
P'Li
34%
Kuzon
17%
Chit Sang
10%
Kiyi
10%
Shyu
9%
Yon Rha
9%
Mongke
8%
Lt. Jee
7%
Hide
5%
Jaya
5%
Kaja
5%
Baraz
4%
Gen. Mung
4%
Ham Ghao
4%
Malu
4%
Mayor Morishita
4%
Qin Lee
4%
San
4%
Shaozu
4%
Two-Toed Ping
4%
Gen. Bujing
3%
Master Kunyo
3%
No matching quizzes found
Score Distribution
Percent of People with Each Score
Percentile by Number Answered
Your Score History
You have not taken this quiz